[Event "7. Malaga op"]
[Site "Campillos"]
[Date "2004.02.24"]
[Round "5.9"]
[White "Yeo, Michael J"]
[Black "Gamundi Salamanca, Antonio"]
[Result "1/2-1/2"]
[WhiteElo "2244"]
[BlackElo "2448"]
[PlyCount "52"]
[EventDate "2004.02.21"]
[Source "lmi"]
[SourceDate "2004.02.23"]

1. e4 c5 2. Nf3 d6 3. d4 cxd4 4. Nxd4 Nf6 5. Nc3 Nc6 6. Bg5 e6 7. Qd2 a6 8.
O-O-O h6 9. Nxc6 bxc6 10. Bf4 d5 11. Qe3 Qa5 12. Be2 Bb4 13. Be5 dxe4 14. Qg3
Bb7 15. Bxf6 gxf6 16. Nxe4 Qe5 17. Qxe5 fxe5 18. Nf6+ Ke7 19. Rd7+ Kxf6 20.
Rxb7 Bc5 21. Rc7 e4 22. Rf1 a5 23. Rxc6 Rac8 24. Ra6 Ra8 25. Rc6 Rac8 26. Ra6
Ra8 1/2-1/2

[Event "7. Malaga op"]
[Site "Campillos"]
[Date "2004.02.24"]
[Round "5.10"]
[White "Tissir, Mohamed"]
[Black "Adnoy, Hallvard V"]
[Result "1-0"]
[WhiteElo "2436"]
[BlackElo "2211"]
[PlyCount "73"]
[EventDate "2004.02.21"]
[Source "lmi"]
[SourceDate "2004.02.23"]

1. e4 e5 2. Nf3 d6 3. Bc4 c6 4. d4 Nd7 5. dxe5 dxe5 6. Ng5 Nh6 7. O-O Qe7 8.
Kh1 g6 9. f4 Bg7 10. f5 O-O 11. fxg6 hxg6 12. a4 Nf6 13. Qe1 Nh5 14. Qh4 Bf6
15. Ra3 Kg7 16. Rg3 Nxg3+ 17. Qxg3 Ng4 18. Nf3 Rh8 19. Nc3 Be6 20. Bxe6 Qxe6
21. h3 Rh5 22. Kg1 Nh6 23. b3 Rh8 24. Be3 b6 25. Nd1 Be7 26. Nf2 f6 27. Nd3 Nf7
28. Qf2 Ng5 29. Bxg5 fxg5 30. Nfxe5 Rf8 31. Qxb6 Rxf1+ 32. Kxf1 g4 33. Nxg4
Qxe4 34. Qb7 Rf5+ 35. Ngf2 Rf7 36. Qxa7 Bb4 37. Qxf7+ 1-0

[Event "7. Malaga op"]
[Site "Campillos"]
[Date "2004.02.24"]
[Round "5.12"]
[White "Buijs Martin, Urtzi"]
[Black "Teran Alvarez, Ismael"]
[Result "1/2-1/2"]
[WhiteElo "2424"]
[BlackElo "2382"]
[PlyCount "92"]
[EventDate "2004.02.21"]
[Source "lmi"]
[SourceDate "2004.02.23"]

1. e4 c5 2. Nf3 d6 3. d4 cxd4 4. Nxd4 Nf6 5. Nc3 a6 6. Bc4 e6 7. O-O b5 8. Bb3
Bb7 9. Re1 Nbd7 10. Bg5 h6 11. Bxf6 Qxf6 12. a4 b4 13. Na2 Nc5 14. Nxb4 Nxb3
15. cxb3 Rc8 16. Qd3 Rc5 17. Rad1 a5 18. e5 Rxe5 19. Rxe5 Qxe5 20. Nbc6 Qd5 21.
Qc4 Bxc6 22. Qxc6+ Qxc6 23. Nxc6 d5 24. Nxa5 Kd7 25. Nc4 f6 26. Na3 Bxa3 27.
bxa3 Ra8 28. Rc1 Kd6 29. Kf1 e5 30. Ke2 f5 31. Kd3 g5 32. h4 g4 33. g3 h5 34.
Kc3 d4+ 35. Kd3 Rf8 36. Rc4 f4 37. gxf4 Rxf4 38. Ke2 Rf3 39. Rb4 Rc3 40. a5
Rc2+ 41. Ke1 Ra2 42. a4 Ra1+ 43. Ke2 Ra2+ 44. Ke1 Ra1+ 45. Ke2 Ra2+ 46. Ke1
Ra1+ 1/2-1/2

[Event "7. Malaga op"]
[Site "Campillos"]
[Date "2004.02.24"]
[Round "5.13"]
[White "Cabello Fernandez, Enrique"]
[Black "Cramling, Pia"]
[Result "0-1"]
[WhiteElo "2134"]
[BlackElo "2488"]
[PlyCount "61"]
[EventDate "2004.02.21"]
[Source "lmi"]
[SourceDate "2004.02.23"]

1. c4 e5 2. Nc3 Nf6 3. g3 c6 4. d4 exd4 5. Qxd4 Na6 6. Bg5 Be7 7. e4 d6 8. Bg2
Nc5 9. h4 h6 10. Bxf6 Bxf6 11. Qd2 Be6 12. b3 a5 13. Rc1 Qb6 14. Nge2 a4 15.
Rb1 axb3 16. axb3 Qb4 17. Nd4 O-O 18. O-O Bxd4 19. Qxd4 Nxb3 20. Qe3 Bxc4 21.
Rfd1 Ra3 22. Ne2 Qc5 23. Nd4 Rd8 24. Nxb3 Qxe3 25. fxe3 Rxb3 26. Rxb3 Bxb3 27.
Rb1 Bc2 28. Rxb7 c5 29. Rc7 Re8 30. Rd7 Bxe4 31. Bf1 0-1

[Event "7. Malaga op"]
[Site "Campillos"]
[Date "2004.02.24"]
[Round "5.14"]
[White "Gutierrez Castillo, Paloma"]
[Black "Bellon Lopez, Juan Manuel"]
[Result "0-1"]
[WhiteElo "2114"]
[BlackElo "2429"]
[PlyCount "104"]
[EventDate "2004.02.21"]
[Source "lmi"]
[SourceDate "2004.02.23"]

1. e4 c5 2. Nf3 e6 3. d4 cxd4 4. Nxd4 a6 5. Be2 Nf6 6. Nc3 Bb4 7. e5 Nd5 8. Bd2
Nxc3 9. bxc3 Be7 10. Bd3 d6 11. exd6 Qxd6 12. O-O O-O 13. Qh5 g6 14. Qf3 e5 15.
Nb3 Qc7 16. Rfe1 Be6 17. c4 Nc6 18. Bc3 f5 19. Qg3 Bf6 20. Nc5 Bc8 21. Rab1 Rb8
22. Na4 b6 23. h4 Bd7 24. h5 Kg7 25. Bd2 f4 26. Qh2 Bg4 27. h6+ Kg8 28. Nc3 Nd4
29. Nd5 Qd8 30. c3 Ne6 31. f3 Nc5 32. Bxg6 hxg6 33. fxg4 Kh7 34. g5 Bh8 35.
Bxf4 Nd3 36. Bxe5 Nxe1 37. Rxe1 Re8 38. Qf4 Rb7 39. Nf6+ Bxf6 40. gxf6 Rf7 41.
Rb1 Qd3 42. Rf1 Qe2 43. Bc7 Re6 44. Qd4 Re4 45. Qxb6 Qxc4 46. Bd8 Qxc3 47. Be7
a5 48. Bc5 Qc4 49. Rb1 Re6 50. Qb5 Re1+ 51. Rxe1 Qxb5 52. Re7 Qxc5+ 0-1

[Event "7. Malaga op"]
[Site "Campillos"]
[Date "2004.02.24"]
[Round "5.15"]
[White "Parfjonov, Pavel"]
[Black "Claros Egea, Cristian"]
[Result "1-0"]
[WhiteElo "2250"]
[BlackElo "2107"]
[PlyCount "81"]
[EventDate "2004.02.21"]
[Source "lmi"]
[SourceDate "2004.02.23"]

1. Nf3 d5 2. d4 c6 3. g3 Bf5 4. Bg2 Nf6 5. O-O e6 6. c4 Nbd7 7. b3 h6 8. Bb2
Bd6 9. a3 a5 10. Nc3 O-O 11. Nd2 Bh7 12. e4 dxe4 13. Ndxe4 Nxe4 14. Nxe4 Bxe4
15. Bxe4 f5 16. Bg2 e5 17. c5 Bc7 18. b4 exd4 19. Qb3+ Kh8 20. Rad1 Qe7 21.
Bxd4 axb4 22. axb4 Be5 23. Bxe5 Nxe5 24. Qe3 Rfe8 25. Rfe1 Qf7 26. Qd4 Qf6 27.
Kf1 Rad8 28. Qa1 Rxd1 29. Qxd1 Qf7 30. Qe2 Re7 31. Bf3 Nxf3 32. Qxe7 Nd2+ 33.
Kg1 Nf3+ 34. Kf1 Nd2+ 35. Kg2 Qd5+ 36. Kh3 Nf3 37. Re3 Ng5+ 38. Kh4 Nf3+ 39.
Kh5 Kh7 40. Qe6 Qxe6 41. Rxe6 1-0

[Event "7. Malaga op"]
[Site "Campillos"]
[Date "2004.02.25"]
[Round "6.1"]
[White "Korneev, Oleg"]
[Black "Matamoros Franco, Carlos"]
[Result "1-0"]
[WhiteElo "2566"]
[BlackElo "2490"]
[PlyCount "71"]
[EventDate "2004.02.21"]
[Source "lmi"]
[SourceDate "2004.02.23"]

1. e4 e6 2. d4 d5 3. Nc3 Bb4 4. e5 Ne7 5. a3 Bxc3+ 6. bxc3 c5 7. Qg4 O-O 8. Bd3
Nbc6 9. Qh5 Ng6 10. Nf3 Qc7 11. Be3 Nce7 12. h4 Bd7 13. Qg4 f5 14. Qh3 Qa5 15.
O-O c4 16. Be2 Qxc3 17. h5 Nh8 18. Rfe1 Qa5 19. h6 g6 20. Bg5 Nc6 21. c3 Qc7
22. Kh1 Rf7 23. Nh4 b5 24. f4 Na5 25. Rg1 Nb3 26. Ra2 a5 27. g4 Kf8 28. Bf3 Bc6
29. gxf5 exf5 30. e6 Re7 31. Nxf5 Rxe6 32. Ng7 Re3 33. Ne6+ Rxe6 34. Qxe6 Re8
35. Qf6+ Kg8 36. Bg4 1-0

[Event "7. Malaga op"]
[Site "Campillos"]
[Date "2004.02.25"]
[Round "6.2"]
[White "Del Rio Angelis, Salvador G"]
[Black "Cheparinov, Ivan"]
[Result "1-0"]
[WhiteElo "2504"]
[BlackElo "2550"]
[PlyCount "151"]
[EventDate "2004.02.21"]
[Source "lmi"]
[SourceDate "2004.02.23"]

1. d4 Nf6 2. c4 g6 3. Nf3 Bg7 4. g3 O-O 5. Bg2 d6 6. Nc3 Nc6 7. O-O a6 8. Re1
Re8 9. h3 Bd7 10. e4 e5 11. d5 Nd4 12. Be3 Qc8 13. Nxd4 exd4 14. Bxd4 Bxh3 15.
e5 Bxg2 16. Kxg2 Nh5 17. f4 c5 18. Ne4 cxd4 19. Nxd6 Qd7 20. Nxe8 Rxe8 21. Qf3
Bf8 22. g4 Ng7 23. Rh1 h5 24. gxh5 Qf5 25. hxg6 fxg6 26. Rad1 Qc2+ 27. Qf2 Qe4+
28. Qf3 Qc2+ 29. Qf2 Qxc4 30. Qxd4 Qc2+ 31. Kf3 Nf5 32. Qd3 Qc5 33. Rdg1 Nh4+
34. Ke2 Qb6 35. Qb3 Qd4 36. d6+ Kg7 37. Qxb7+ Be7 38. Rxh4 Qxg1 39. dxe7 Qc5
40. Qxa6 Qc2+ 41. Kf3 Qd1+ 42. Qe2 Qd5+ 43. Qe4 Qd1+ 44. Kf2 Rxe7 45. f5 Qd2+
46. Kg3 gxf5 47. Qxf5 Qe1+ 48. Kh3 Qe3+ 49. Kg2 Qe2+ 50. Kh3 Qe3+ 51. Kg4 Qe2+
52. Kg3 Qe1+ 53. Qf2 Qxe5+ 54. Kh3 Qe3+ 55. Qg3+ Kf7 56. Rf4+ Ke8 57. Qxe3
Rxe3+ 58. Kg2 Kd7 59. Kf2 Re5 60. Rf3 Kc6 61. Re3 Rh5 62. Ke1 Kc5 63. Kd2 Kd4
64. Re2 Ra5 65. a3 Rh5 66. Kc2 Rh3 67. Rg2 Kc4 68. Rg4+ Kb5 69. Kb1 Rf3 70. Ka2
Rf2 71. a4+ Ka5 72. Ka3 Rf3+ 73. b3 Rh3 74. Rg5+ Ka6 75. a5 Rh1 76. Ka4 1-0

[Event "7. Malaga op"]
[Site "Campillos"]
[Date "2004.02.25"]
[Round "6.4"]
[White "Collas, Didier"]
[Black "Khamrakulov, Ibragim S"]
[Result "1/2-1/2"]
[WhiteElo "2436"]
[BlackElo "2452"]
[PlyCount "38"]
[EventDate "2004.02.21"]
[Source "lmi"]
[SourceDate "2004.02.23"]

1. Nf3 c5 2. c4 Nc6 3. d4 cxd4 4. Nxd4 f5 5. Nc3 g6 6. e4 fxe4 7. Nxe4 Qa5+ 8.
Nc3 Bg7 9. Be3 Nf6 10. Nb3 Qe5 11. Be2 Ne4 12. Nxe4 Qxe4 13. O-O Bxb2 14. Nc5
Qh4 15. Rb1 Bd4 16. Nxb7 O-O 17. Bf3 Be5 18. g3 Qf6 19. Bd5+ e6 1/2-1/2

[Event "7. Malaga op"]
[Site "Campillos"]
[Date "2004.02.25"]
[Round "6.5"]
[White "Suba, Mihai"]
[Black "Saldano, Horacio"]
[Result "0-1"]
[WhiteElo "2522"]
[BlackElo "2424"]
[PlyCount "86"]
[EventDate "2004.02.21"]
[Source "lmi"]
[SourceDate "2004.02.23"]

1. c4 Nf6 2. Nc3 g6 3. g3 Bg7 4. Bg2 O-O 5. Nf3 d6 6. O-O e5 7. d4 Nbd7 8. h3
exd4 9. Nxd4 Re8 10. e4 a6 11. Re1 Rb8 12. a4 Ne5 13. b3 Bd7 14. f4 Nc6 15. Be3
Nxd4 16. Bxd4 c5 17. Bxf6 Bxf6 18. Rc1 Bc6 19. Kh2 Bd4 20. Qd3 Qa5 21. h4 Qb4
22. Ne2 Bg7 23. Red1 Re6 24. f5 Ree8 25. h5 Be5 26. fxg6 hxg6 27. Bf3 b5 28.
axb5 axb5 29. hxg6 fxg6 30. Qe3 Rb7 31. Kg2 bxc4 32. bxc4 Rf8 33. Rh1 Qb3 34.
Nc3 Qb2+ 35. Ne2 Rb3 36. Qh6 Rfxf3 37. Qxg6+ Kf8 38. Rh8+ Bxh8 39. Qxd6+ Kg8
40. Qe6+ Rf7 41. Qc8+ Kg7 42. Qg4+ Kf8 43. Rd1 Rxg3+ 0-1

[Event "7. Malaga op"]
[Site "Campillos"]
[Date "2004.02.25"]
[Round "6.6"]
[White "Perez Candelario, Manuel"]
[Black "Paunovic, Dragan"]
[Result "1/2-1/2"]
[WhiteElo "2504"]
[BlackElo "2517"]
[PlyCount "177"]
[EventDate "2004.02.21"]
[Source "lmi"]
[SourceDate "2004.02.23"]

1. e4 c5 2. Nf3 e6 3. d4 cxd4 4. Nxd4 a6 5. Nc3 Qc7 6. Bd3 Nf6 7. O-O Be7 8.
Kh1 d6 9. f4 Nbd7 10. Qe2 b5 11. Bd2 Bb7 12. Rae1 h5 13. Nf3 Ng4 14. a4 bxa4
15. Nxa4 Bf6 16. b4 Nb6 17. Nxb6 Qxb6 18. c4 e5 19. Rb1 Qc7 20. f5 Be7 21. Ne1
Nf6 22. Nc2 h4 23. Qf3 h3 24. g3 Qc6 25. Rfe1 Kf8 26. b5 axb5 27. Rxb5 Qc7 28.
Reb1 Bc6 29. R5b2 Kg8 30. g4 Rh4 31. Ne3 Ra3 32. Rb8+ Kh7 33. R8b3 Rxb3 34.
Rxb3 Kg8 35. Be1 Rh8 36. Rb1 Nd7 37. Nd5 Bxd5 38. cxd5 Bg5 39. Bf1 g6 40. Bf2
Kg7 41. Bxh3 Qc2 42. Rf1 Nf6 43. Bg2 Bf4 44. Bg3 g5 45. Bxf4 exf4 46. h3 Re8
47. Rf2 Qb1+ 48. Rf1 Qb4 49. Qd3 Nxe4 50. Kh2 Nf6 51. Rf3 Qb2 52. Qc3 Re2 53.
Qxb2 Rxb2 54. Rd3 Nd7 55. Kg1 Ne5 56. Rc3 Kf6 57. Rc8 Rd2 58. Rd8 Ke7 59. Rg8
f6 60. Rg7+ Kf8 61. Ra7 f3 62. Bf1 Rxd5 63. Kf2 Rd2+ 64. Ke3 Rd1 65. Kf2 Ke8
66. Bb5+ Kd8 67. Ra8+ Kc7 68. Rf8 Kb6 69. Bf1 Kc5 70. Rxf6 Kd5 71. Re6 Ra1 72.
Re8 Ke4 73. f6 Ra7 74. Re7 Ra8 75. Bb5 Rf8 76. Bc6+ Kd4 77. Bb5 Rxf6 78. Rg7
Ng6 79. h4 Nxh4 80. Rxg5 Ng6 81. Rf5 Re6 82. Rxf3 Ne5 83. Rf4+ Kc5 84. Bf1 d5
85. Kg3 d4 86. Rf5 Kd6 87. g5 d3 88. Bxd3 Nxd3 89. Rf6 1/2-1/2

[Event "7. Malaga op"]
[Site "Campillos"]
[Date "2004.02.??"]
[Round "6.7"]
[White "Ivanov, Jordan"]
[Black "Tissir, Mohamed"]
[Result "1-0"]
[WhiteElo "2406"]
[BlackElo "2436"]
[PlyCount "85"]
[EventDate "2004.02.21"]
[Source "lmi"]
[SourceDate "2004.02.23"]

1. c4 Nf6 2. Nc3 g6 3. d4 Bg7 4. e4 d6 5. h3 O-O 6. Nf3 Na6 7. Bg5 h6 8. Be3 e5
9. d5 Nh5 10. Ng1 Qe8 11. Be2 Nf4 12. Bf3 f5 13. a3 g5 14. g3 fxe4 15. Bxe4 Bf5
16. Nge2 Bxe4 17. Nxe4 Ng2+ 18. Kd2 Qg6 19. N2c3 Rf7 20. Rh2 Nxe3 21. fxe3 c6
22. Qc2 Raf8 23. Re1 Nc7 24. Qd3 Rd8 25. g4 b5 26. cxb5 cxb5 27. Rf2 Rxf2+ 28.
Nxf2 e4 29. Nfxe4 Rf8 30. Rc1 Rf7 31. b4 Be5 32. Ne2 Bb2 33. Rb1 Be5 34. Nd4
Nxd5 35. Nf5 Nf6 36. Nexd6 Kh8 37. Nxf7+ Qxf7 38. Rc1 Ng8 39. Qxb5 Bf6 40. Qc4
Qd7+ 41. Ke2 Qb7 42. Qc6 Qf7 43. Rc4 1-0

[Event "7. Malaga op"]
[Site "Campillos"]
[Date "2004.02.25"]
[Round "6.8"]
[White "Cramling, Pia"]
[Black "Alonso, Rene"]
[Result "1/2-1/2"]
[WhiteElo "2488"]
[BlackElo "2371"]
[PlyCount "42"]
[EventDate "2004.02.21"]
[Source "lmi"]
[SourceDate "2004.02.23"]

1. d4 d5 2. Nf3 Nf6 3. c4 e6 4. Nc3 Be7 5. Bg5 O-O 6. e3 h6 7. Bxf6 Bxf6 8. Qd2
dxc4 9. Bxc4 c5 10. dxc5 Nd7 11. Ne4 Be7 12. c6 bxc6 13. O-O c5 14. Rfd1 Qc7
15. Rac1 Rd8 16. Qc2 Bb7 17. Be2 Rac8 18. h3 Qb8 19. b3 Ne5 20. Rxd8+ Rxd8 21.
Rd1 Rxd1+ 1/2-1/2

[Event "7. Malaga op"]
[Site "Campillos"]
[Date "2004.02.??"]
[Round "6.9"]
[White "Gamundi Salamanca, Antonio"]
[Black "Nava Baro, Enrique"]
[Result "1-0"]
[WhiteElo "2448"]
[BlackElo "2207"]
[PlyCount "47"]
[EventDate "2004.02.21"]
[Source "lmi"]
[SourceDate "2004.02.23"]

1. d4 d5 2. c4 e6 3. Nc3 Nf6 4. Bg5 Be7 5. e3 O-O 6. Nf3 h6 7. Bh4 Ne4 8. Bxe7
Qxe7 9. Qc2 Nxc3 10. Qxc3 dxc4 11. Bxc4 b6 12. Rc1 Bb7 13. Bb5 Rc8 14. Ke2 c6
15. Bd3 Nd7 16. Rhd1 c5 17. Bb5 cxd4 18. Qxd4 Rxc1 19. Rxc1 Nc5 20. b4 a6 21.
bxc5 bxc5 22. Qd7 Bxf3+ 23. gxf3 Qf6 24. Bd3 1-0

[Event "7. Malaga op"]
[Site "Campillos"]
[Date "2004.02.25"]
[Round "6.10"]
[White "Bellon Lopez, Juan Manuel"]
[Black "Yeo, Michael J"]
[Result "1-0"]
[WhiteElo "2429"]
[BlackElo "2244"]
[PlyCount "66"]
[EventDate "2004.02.21"]
[Source "lmi"]
[SourceDate "2004.02.23"]

1. d4 d5 2. Nf3 Nc6 3. Bf4 Bg4 4. e3 e6 5. c3 Bd6 6. Nbd2 Bxf4 7. exf4 Qd6 8.
Qa4 f6 9. g3 Nge7 10. O-O-O O-O-O 11. Re1 Kb8 12. h3 Bh5 13. Be2 Nc8 14. Qc2
Bg6 15. Bd3 Bxd3 16. Qxd3 Nb6 17. Re3 Rde8 18. Rhe1 g6 19. h4 Nd7 20. h5 gxh5
21. Qf5 Nd8 22. Qxh5 Re7 23. Nh4 Rhe8 24. Ndf3 b6 25. Qh6 c5 26. Kb1 Kc7 27. b3
Rf7 28. Nf5 Qf8 29. Qh2 Qh8 30. Qh5 Nf8 31. c4 dxc4 32. dxc5 bxc5 33. Nh6 Rd7
1-0

[Event "7. Malaga op"]
[Site "Campillos"]
[Date "2004.02.25"]
[Round "6.11"]
[White "Vinas Guerrero, Carlos Alberto"]
[Black "Fernandez Romero, Ernesto"]
[Result "0-1"]
[WhiteElo "2098"]
[BlackElo "2425"]
[PlyCount "72"]
[EventDate "2004.02.21"]
[Source "lmi"]
[SourceDate "2004.02.23"]

1. e4 e6 2. d4 d5 3. Nc3 Bb4 4. Nge2 Nf6 5. Bg5 dxe4 6. a3 Be7 7. Bxf6 Bxf6 8.
Nxe4 O-O 9. Qd2 e5 10. O-O-O exd4 11. Nxf6+ Qxf6 12. Qxd4 Nd7 13. Qxf6 Nxf6 14.
Nc3 c6 15. Be2 Be6 16. h3 h6 17. Bf3 Rad8 18. Rxd8 Rxd8 19. Rd1 Rxd1+ 20. Kxd1
g5 21. Ne4 Nxe4 22. Bxe4 Kg7 23. Ke2 Kf6 24. Bf3 Ke5 25. Ke3 f5 26. Bh5 c5 27.
Bf3 b6 28. Bc6 h5 29. h4 f4+ 30. Ke2 gxh4 31. Be8 h3 32. gxh3 h4 33. Bc6 Bxh3
34. Kf3 Bf5 35. c3 h3 36. Bb7 Be6 0-1

[Event "7. Malaga op"]
[Site "Campillos"]
[Date "2004.02.25"]
[Round "6.15"]
[White "Bolle, Leendert"]
[Black "Collas, Silvia"]
[Result "0-1"]
[WhiteElo "2042"]
[BlackElo "2330"]
[PlyCount "98"]
[EventDate "2004.02.21"]
[Source "lmi"]
[SourceDate "2004.02.23"]

1. e4 c5 2. Nf3 e6 3. d4 cxd4 4. Nxd4 Nf6 5. Nc3 d6 6. g4 Nc6 7. g5 Nd7 8. Be3
a6 9. Qd2 Nxd4 10. Qxd4 b5 11. O-O-O Bb7 12. f3 Qxg5 13. Kb1 Ne5 14. f4 Nc6 15.
Qd2 b4 16. Ne2 Be7 17. Nd4 O-O 18. Bd3 Rfc8 19. h4 Nxd4 20. Bxd4 e5 21. Be3
exf4 22. Bxf4 Bf8 23. Rhg1 Re8 24. Qg2 Qc5 25. h5 Re6 26. Qh1 g6 27. hxg6 hxg6
28. Qf3 Bg7 29. Rdf1 Rf8 30. Rh1 Qd4 31. Bc1 Bxe4 32. Bxe4 Qxe4 33. Qh3 Rc8 34.
Rh2 a5 35. Rfh1 Kf8 36. Qf1 Qc6 37. Qd3 a4 38. Be3 Rce8 39. Bd2 Re4 40. Rf1 a3
41. Qb3 Qc4 42. Qxc4 Rxc4 43. Rhf2 Re7 44. b3 Rce4 45. Kc1 Bb2+ 46. Kd1 Rd4 47.
Rf4 Rd5 48. Re1 Rxd2+ 49. Kxd2 Bc3+ 0-1

[Event "7. Malaga op"]
[Site "Campillos"]
[Date "2004.02.26"]
[Round "7.1"]
[White "Del Rio Angelis, Salvador G"]
[Black "Korneev, Oleg"]
[Result "1/2-1/2"]
[WhiteElo "2504"]
[BlackElo "2566"]
[PlyCount "48"]
[EventDate "2004.02.21"]
[Source "lmi"]
[SourceDate "2004.02.23"]

1. e4 c5 2. Nf3 d6 3. d4 cxd4 4. Nxd4 Nf6 5. Nc3 g6 6. Be2 Bg7 7. O-O O-O 8.
Bg5 Nc6 9. Nb3 a6 10. f4 b5 11. Bf3 Bb7 12. Kh1 Nd7 13. Qe1 a5 14. Rd1 a4 15.
Nc1 Nd4 16. Nd5 Nxf3 17. Rxf3 f6 18. Bh4 e6 19. Nc3 Nc5 20. Nxb5 Nxe4 21. Nxd6
Nxd6 22. Qxe6+ Kh8 23. Rxd6 Qa5 24. Re3 Rac8 1/2-1/2

[Event "7. Malaga op"]
[Site "Campillos"]
[Date "2004.02.26"]
[Round "7.2"]
[White "Saldano, Horacio"]
[Black "Cifuentes Parada, Roberto"]
[Result "1/2-1/2"]
[WhiteElo "2424"]
[BlackElo "2505"]
[PlyCount "57"]
[EventDate "2004.02.21"]
[Source "lmi"]
[SourceDate "2004.02.23"]

1. e4 c5 2. Nf3 e6 3. Nc3 Nc6 4. Be2 Nf6 5. O-O d5 6. exd5 exd5 7. d4 cxd4 8.
Nxd4 Be7 9. Bb5 Bd7 10. Re1 O-O 11. Bg5 Re8 12. h3 h6 13. Be3 a6 14. Ba4 Na5
15. Bxd7 Qxd7 16. Qf3 Ne4 17. Nf5 Bf8 18. Bd4 g6 19. Ne3 Nc6 20. Rad1 Nxd4 21.
Rxd4 Nxc3 22. bxc3 Qc6 23. Red1 Bg7 24. Rxd5 Bxc3 25. Qf4 Bg7 26. Rd7 Rf8 27.
Qc7 Qxc7 28. Rxc7 b5 29. Rb7 1/2-1/2

[Event "7. Malaga op"]
[Site "Campillos"]
[Date "2004.02.26"]
[Round "7.4"]
[White "Rodriguez Guerrero, Enrique"]
[Black "Collas, Didier"]
[Result "1/2-1/2"]
[WhiteElo "2391"]
[BlackElo "2436"]
[PlyCount "109"]
[EventDate "2004.02.21"]
[Source "lmi"]
[SourceDate "2004.02.23"]

1. e4 e5 2. Nf3 Nc6 3. Bb5 a6 4. Ba4 b5 5. Bb3 Na5 6. O-O d6 7. d4 exd4 8. Nxd4
Bb7 9. Qf3 Qf6 10. Nf5 Ne7 11. Re1 Qxf5 12. Qxf5 Nxf5 13. exf5+ Be7 14. Bh6
Nxb3 15. axb3 gxh6 16. f6 O-O-O 17. fxe7 Rde8 18. Nd2 Rhg8 19. Ne4 Rg6 20. Ng3
Kd7 21. f4 Rxe7 22. Rxe7+ Kxe7 23. Re1+ Kd7 24. Re2 Re6 25. Kf2 Rxe2+ 26. Nxe2
c5 27. g4 Be4 28. c3 Bc2 29. Nc1 Bd1 30. h3 a5 31. Ke1 Bc2 32. Kd2 Be4 33. Ke3
Bg2 34. h4 Bd5 35. b4 axb4 36. cxb4 Bc4 37. Ke4 Ke6 38. f5+ Kf6 39. b3 Bf1 40.
Na2 Bg2+ 41. Kf4 Bd5 42. Nc3 Bxb3 43. bxc5 dxc5 44. Nxb5 Ke7 45. g5 hxg5+ 46.
hxg5 f6 47. Nc3 fxg5+ 48. Kxg5 Bc2 49. Nd5+ Kf7 50. Ne3 Bd3 51. Ng4 c4 52. Ne5+
Ke7 53. Kh6 Kf6 54. Nxc4 Bxf5 55. Ne3 1/2-1/2

[Event "7. Malaga op"]
[Site "Campillos"]
[Date "2004.02.26"]
[Round "7.5"]
[White "Cheparinov, Ivan"]
[Black "Bellon Lopez, Juan Manuel"]
[Result "1/2-1/2"]
[WhiteElo "2550"]
[BlackElo "2429"]
[PlyCount "54"]
[EventDate "2004.02.21"]
[Source "lmi"]
[SourceDate "2004.02.23"]

1. e4 c5 2. Nf3 Nc6 3. d4 cxd4 4. Nxd4 Nf6 5. Nc3 e6 6. Nxc6 bxc6 7. e5 Nd5 8.
Ne4 Qc7 9. f4 Qa5+ 10. Bd2 Qb6 11. Bd3 Bb7 12. Qe2 c5 13. c4 Nb4 14. Bb1 Nc6
15. Bc3 Nd4 16. Qf2 d5 17. exd6 Bxd6 18. O-O Be7 19. Bd3 Rd8 20. Rad1 f5 21.
Ng3 O-O 22. Rfe1 g6 23. Bf1 Bf6 24. Kh1 h5 25. Ne2 a5 26. Bxd4 cxd4 27. Kg1 Be4
1/2-1/2

[Event "7. Malaga op"]
[Site "Campillos"]
[Date "2004.02.26"]
[Round "7.6"]
[White "Paunovic, Dragan"]
[Black "Gonzalez Rodriguez, Jorge Armando"]
[Result "0-1"]
[WhiteElo "2517"]
[BlackElo "2349"]
[PlyCount "101"]
[EventDate "2004.02.21"]
[Source "lmi"]
[SourceDate "2004.02.23"]

1. c4 Nf6 2. g3 e5 3. Bg2 Bc5 4. Nc3 O-O 5. e3 Re8 6. Nge2 c6 7. O-O Bf8 8. d4
d6 9. h3 exd4 10. Nxd4 Nbd7 11. Qc2 Nb6 12. b3 d5 13. cxd5 Nbxd5 14. Nxd5 Nxd5
15. Bb2 Qb6 16. Rad1 Nb4 17. Qb1 a5 18. Nf5 Be6 19. Nd6 Red8 20. Nc4 Qb5 21. a4
Qa6 22. Qe4 Rac8 23. Qh4 Nd5 24. e4 Be7 25. Qh5 Nf6 26. Qe2 Nd7 27. f4 Nb6 28.
Rc1 Bxc4 29. bxc4 Nxa4 30. Ba1 Nc5 31. Qg4 Bf8 32. f5 Qb6 33. Kh1 Qc7 34. e5
Nb3 35. e6 Nxa1 36. Rxa1 Rd3 37. Rf4 f6 38. Re1 Bb4 39. Ree4 Rcd8 40. Kh2 Bd6
41. Rf3 Rd2 42. Qh5 Qe7 43. Rh4 h6 44. Qg6 Qe8 45. Qg4 Be5 46. Rf1 R8d4 47. Qh5
Qxh5 48. Rxh5 Re2 49. h4 Bd6 50. Kh3 a4 51. Bf3 0-1

[Event "7. Malaga op"]
[Site "Campillos"]
[Date "2004.02.26"]
[Round "7.7"]
[White "Fernandez Romero, Ernesto"]
[Black "Perez Candelario, Manuel"]
[Result "1/2-1/2"]
[WhiteElo "2425"]
[BlackElo "2504"]
[PlyCount "33"]
[EventDate "2004.02.21"]
[Source "lmi"]
[SourceDate "2004.02.23"]

1. e4 e5 2. Nf3 Nc6 3. Nc3 Nf6 4. d4 exd4 5. Nxd4 Bb4 6. Nxc6 bxc6 7. Bd3 O-O
8. O-O d5 9. exd5 cxd5 10. Bg5 c6 11. Qf3 Be7 12. Rfe1 Re8 13. h3 h6 14. Bh4
Rb8 15. b3 a5 16. Rad1 Rb4 17. Bg3 1/2-1/2

[Event "7. Malaga op"]
[Site "Campillos"]
[Date "2004.02.26"]
[Round "7.8"]
[White "Matamoros Franco, Carlos"]
[Black "Teran Alvarez, Ismael"]
[Result "1/2-1/2"]
[WhiteElo "2490"]
[BlackElo "2382"]
[PlyCount "43"]
[EventDate "2004.02.21"]
[Source "lmi"]
[SourceDate "2004.02.23"]

1. c4 Nf6 2. Nc3 g6 3. g3 Bg7 4. Bg2 O-O 5. d4 d6 6. Nf3 Nc6 7. O-O a6 8. d5
Na5 9. b3 c5 10. dxc6 Nxc6 11. Bb2 Ne4 12. Qc1 Nxc3 13. Bxc3 Bxc3 14. Qxc3 Bd7
15. Rfd1 Rc8 16. Qe3 Kg7 17. c5 dxc5 18. Qxc5 Qc7 19. Rac1 Rfd8 20. Nd4 Be8 21.
Qg5 Qa5 22. Qxa5 1/2-1/2

[Event "7. Malaga op"]
[Site "Campillos"]
[Date "2004.02.26"]
[Round "7.9"]
[White "Alonso, Rene"]
[Black "Gamundi Salamanca, Antonio"]
[Result "1-0"]
[WhiteElo "2371"]
[BlackElo "2448"]
[PlyCount "133"]
[EventDate "2004.02.21"]
[Source "lmi"]
[SourceDate "2004.02.23"]

1. Nf3 Nf6 2. c4 c5 3. Nc3 e6 4. g3 b6 5. Bg2 Bb7 6. O-O Be7 7. d4 cxd4 8. Qxd4
Nc6 9. Qf4 O-O 10. Rd1 a6 11. b3 Rc8 12. e4 Ne8 13. Qd2 Rc7 14. Qe2 f5 15. Bf4
Rc8 16. exf5 Rxf5 17. Ne5 Nxe5 18. Bxb7 Rc5 19. Be4 Rxf4 20. gxf4 Nf7 21. Na4
Ra5 22. f5 Bd6 23. fxe6 dxe6 24. c5 bxc5 25. Bc6 Qg5+ 26. Kf1 Bxh2 27. Qxe6
Ned6 28. Rxd6 Bxd6 29. Be8 Qf6 30. Bxf7+ Qxf7 31. Qxd6 Qf3 32. Qe6+ Kf8 33.
Qd6+ Kf7 34. Qc7+ Ke6 35. Qxa5 Qh1+ 36. Ke2 Qe4+ 37. Kd2 Qd4+ 38. Kc2 Qxa1 39.
Qxa6+ Kf5 40. Nxc5 h5 41. Nd3 h4 42. f4 Kg4 43. Qg6+ Kf3 44. Qh5+ Kg3 45. Qg5+
Kf3 46. Qxh4 Qxa2+ 47. Nb2 Qa7 48. f5 Qc5+ 49. Nc4 Qxf5+ 50. Kb2 g5 51. Qh1+
Kf2 52. Qh2+ Kf3 53. Ne5+ Ke4 54. Qe2+ Kd5 55. Ng4 Qf4 56. Qd3+ Ke6 57. Qc4+
Kf5 58. Qxf4+ Kxf4 59. Nh6 g4 60. Nxg4 Kxg4 61. Kc3 Kf5 62. Kd4 Ke6 63. Kc5 Kd7
64. Kb6 Kc8 65. b4 Kb8 66. b5 Ka8 67. Kc7 1-0

[Event "7. Malaga op"]
[Site "Campillos"]
[Date "2004.02.26"]
[Round "7.11"]
[White "Tissir, Mohamed"]
[Black "Cramling, Pia"]
[Result "0-1"]
[WhiteElo "2436"]
[BlackElo "2488"]
[PlyCount "74"]
[EventDate "2004.02.21"]
[Source "lmi"]
[SourceDate "2004.02.23"]

1. e4 c5 2. Nf3 a6 3. Nc3 e6 4. d4 cxd4 5. Nxd4 Qc7 6. Bd3 Ne7 7. f4 d6 8. O-O
Nec6 9. Nf3 Nd7 10. Kh1 Be7 11. Qe1 b5 12. Qg3 O-O 13. f5 Bf6 14. e5 Ncxe5 15.
Nxe5 Bxe5 16. Bf4 exf5 17. Nd5 Qd8 18. Bxf5 Bb7 19. Bxe5 Nxe5 20. Nf6+ Qxf6 21.
Bxh7+ Kxh7 22. Rxf6 gxf6 23. Qh4+ Kg8 24. Qxf6 Rfe8 25. Qxd6 Rad8 26. Qh6 Ng6
27. Qg5 Rd5 28. Qg3 Rd2 29. Rg1 Rxc2 30. h4 Re5 31. b3 Kg7 32. Kh2 Ree2 33. Qb8
Bxg2 34. Qd6 Bb7+ 35. Kg3 Rc3+ 36. Kg4 Re4+ 37. Kg5 Re5+ 0-1